000 00637nam a22002177a 4500
999 _c2901
_d2901
003 AR-CdUCM
008 190305b ||||| |||| 00| 0 spa d
040 _aMUNICIPALIDAD PROVINCIAL DEL CUSCO
_cBIBLIOTECA MUNICIPAL DEL CUSCO
041 _hrus
082 _a891.74 /
_bSO66
100 _aSolzhenitsin, Alexander
_99987
245 _aUn Día de Ivan Denisovich /
260 _aMéxico :
_bEra ;
_c1963.
300 _a174 páginas ;
_c19cm
505 _aLiteratura
650 _aLiteratura rusa
_99988
650 _aLiteratura siglo XX
_91173
700 _aVicente, Isabel (traducción)
_99774
942 _2ddc
_cLIBROS
945 _anom